000 00379nam a22001337a 4500
020 _a0-07-043565-0
082 _a005.13-B MOU'B
100 _aMOURSUND, DAVID
_975715
245 _aBASIC PROGRAMMING FOR COMPUTER LITERACY
260 _aNEWYORK
_bMCGRAW HILL
_c1977
300 _a268P
650 _aBASIC (COMPUTER PROGRAM LANGUAGE) COMPUTER AND CIVILIZATION
_975716
942 _cBK
999 _c581109
_d581109